Aasian valtiot, joilla on vähiten rajoja - Statistics

Yleistilastot
  • Tätä visaa on pelattu 1 403 kertaa
  • Keskiarvotulos 9 / 12
Vastaustilastot
# Valtio % Oikein
0 Japani
94%
1 Etelä-Korea
90%
0 Sri Lanka
87%
0 Taiwan
85%
0 Filippiinit
81%
0 Singapore
80%
1 Itä-Timor
77%
1 Brunei
75%
0 Malediivit
74%
1 Qatar
66%
0 Bahrain
65%
0 Kypros
51%
Ehtoja vastaavia visoja ei löytynyt
Tulosjakauma
Jokaisen tuloksen saaneiden osuus
Persentiili vastausten määrän mukaan
Tuloshistoriasi
Et ole pelannut tätä visaa